[Event "Ch Russia (w) (1 liga)"]
[Site "masterchessopen.com Orsk (Russia)"]
[Round "6"]
[White "Kychanova Elena (RUS)"]
[Black "Cherkasova Marina (RUS)"]
[Result "0-1"]
[WhiteElo "2036"]
[BlackElo "2145"]

1.e4 c5 2.Nf3 Nc6 3.d4 cxd4 4.Nxd4 e5 5.Nb5 d6 6.c4 Be7 7.N1c3 a6 8.Na3 f5
9.exf5 Bxf5 10.Qf3 Be6 11.Qg3 Nf6 12.Qxg7 Rg8 13.Qh6 Rg6 14.Qd2 d5 15.cxd5
Bxd5 16.Nxd5 Nxd5 17.Nc2 Nd4 18.Be2 Rc8 19.Bd1 Nxc2+ 20.Kf1 Nxa1 {#R} 0-1

[Event "Ch Mallorca (preferente)"]
[Site "masterchessopen.com Palma de Majorca (Spain)"]
[Round "2"]
[White "Serra Olives Tomas (ESP)"]
[Black "Pomar Mir Francisco (ESP)"]
[Result "1-0"]
[WhiteElo "2195"]
[BlackElo "1958"]

1.e4 c5 2.Nf3 Nc6 3.d4 cxd4 4.Nxd4 e5 5.Nb5 d6 6.N1c3 Nf6 7.Bg5 a6 8.Na3 Be6
9.Nc4 Be7 10.Bxf6 gxf6 11.Ne3 Qa5 12.Bd3 O-O-O 13.a3 f5 14.b4 Nxb4 15.axb4
Qxb4 16.Qd2 d5 17.Nexd5 Bxd5 18.Nxd5 Rxd5 19.exd5 e4 20.Be2 Rd8 21.c3 Qc5
22.c4 {#r} 1-0

[Event "Cup Croatia"]
[Site "masterchessopen.com Pula (Croatia)"]
[Round "4"]
[White "Rogic Davor (CRO)"]
[Black "Fercec Nenad (CRO)"]
[Result "1-0"]
[WhiteElo "2501"]
[BlackElo "2458"]

1.e4 c5 2.Nf3 Nc6 3.d4 cxd4 4.Nxd4 e5 5.Nb5 d6 6.c4 Be7 7.N1c3 a6 8.Na3 Be6
9.Be2 Bg5 10.O-O h6 11.Nc2 Nge7 12.Nd5 O-O 13.Bxg5 hxg5 14.a4 g6 15.Qd2 f6
16.Rfd1 Nc8 17.a5 Rf7 18.b4 Qf8 19.Ra3 Qh6 20.b5 Bxd5 21.Qxd5 Nd8 22.c5 Kg7
{#r} 1-0

[Event "Ch Slovakia (team) 1999/00 (2 liga) (b)"]
[Site "masterchessopen.com Slovakia"]
[Round "0"]
[White "Bottyan Peter (SVK)"]
[Black "Goth Gabor (SVK)"]
[Result "1-0"]
[WhiteElo "2174"]
[BlackElo "2071"]

1.e4 c5 2.Nf3 Nc6 3.d4 cxd4 4.Nxd4 e5 5.Nb5 d6 6.a4 Be6 7.N1c3 a6 8.Na3 f5
9.exf5 Bxf5 10.Bc4 Nf6 11.Bg5 h6 12.Bxf6 Qxf6 13.Nd5 {#r} 1-0

[Event "Ch Slovakia (team) 2000/01 (1 liga) East"]
[Site "masterchessopen.com Slovakia"]
[Round "1"]
[White "Vyparina Matej (SVK)"]
[Black "Valent Ivan (SVK)"]
[Result "0-1"]
[WhiteElo "2173"]
[BlackElo "2216"]

1.e4 c5 2.Nf3 Nc6 3.d4 cxd4 4.Nxd4 e5 5.Nb5 d6 6.c4 Be6 7.N1c3 a6 8.Na3 Rc8
9.Be3 Be7 10.Qd2 Nf6 11.Be2 Na5 12.b3 b5 13.cxb5 d5 14.exd5 Bxa3 15.dxe6 Bb4
16.Qxd8+ Kxd8 17.O-O Bxc3 18.Rfd1+ Ke7 19.Rac1 axb5 20.Bxb5 fxe6 21.Bb6 Nd5
{#R} 0-1

[Event "Cup Russia (w)"]
[Site "masterchessopen.com St. Petersburg (Russia)"]
[Round "8"]
[White "Goncharova Olga (RUS)"]
[Black "Zvereva Marija (RUS)"]
[Result "0-1"]
[WhiteElo "2095"]
[BlackElo "2259"]

1.e4 c5 2.Nf3 Nc6 3.d4 cxd4 4.Nxd4 e5 5.Nb5 d6 6.c4 Be7 7.b3 f5 8.Ba3 Nf6
9.Bxd6 Nxe4 10.Nc7+ Kf7 11.Qd5+ Kg6 12.g4 Bxd6 13.gxf5+ Bxf5 14.Rg1+ Kf6
15.Nxa8 Bb4+ 16.Kd1 Qxa8 17.Kc1 Rd8 18.Qb5 a6 19.Qa4 {#R} 0-1

[Event "Cup Pannon"]
[Site "masterchessopen.com Kaposvar (Hungary)"]
[Round "3"]
[White "Marcsingo Jozsef (HUN)"]
[Black "Tivolt Ferenc (HUN)"]
[Result "1-0"]
[WhiteElo "1987"]
[BlackElo "2106"]

1.e4 c5 2.Nf3 Nc6 3.d4 cxd4 4.Nxd4 e5 5.Nb5 d6 6.N1c3 a6 7.Na3 Be6 8.Nc4 Rc8
9.Be3 b5 10.Nb6 Rb8 11.Ncd5 Nh6 12.Be2 f5 13.Bxh6 gxh6 14.Bh5+ Bf7 15.Bxf7+
Kxf7 16.Qh5+ Kg7 17.exf5 Rg8 18.Nd7 Rb7 19.N7f6 Rh8 20.Ne8+ {#r} 1-0

[Event "It (open)"]
[Site "masterchessopen.com Dieppe (France)"]
[Date "2000.09.03"]
[Round "7"]
[White "Dgebuadze Alexandre (BEL)"]
[Black "Leroy Didier (FRA)"]
[Result "1-0"]
[WhiteElo "2536"]
[BlackElo "2378"]

1.e4 c5 2.Nf3 Nc6 3.d4 cxd4 4.Nxd4 e5 5.Nb5 d6 6.c4 Be7 7.N1c3 a6 8.Na3 Nf6
9.Nc2 O-O 10.Be2 Be6 11.O-O Qb8 12.Be3 Bd8 13.b4 b5 14.cxb5 axb5 15.Bxb5 Nxe4
16.Bxc6 Nxc3 17.Qd2 Nxa2 18.Bxa8 Qxa8 19.Qxd6 Qe4 20.Rxa2 {#r} 1-0

[Event "It (open)"]
[Site "masterchessopen.com Bad Zwesten (Germany)"]
[Round "5"]
[White "Gerhards Bernd (GER)"]
[Black "Fink Alexander (ISR)"]
[Result "1-0"]
[WhiteElo "1792"]
[BlackElo "2042"]

1.e4 c5 2.Nf3 Nc6 3.d4 cxd4 4.Nxd4 e5 5.Nb5 d6 6.N1c3 a6 7.Na3 b5 8.Nd5 Be6
9.Be2 Be7 10.Be3 Rb8 11.O-O Nf6 12.Nxe7 Qxe7 13.Bg5 Rd8 14.Bd3 O-O 15.f4 h6
16.Bh4 d5 17.Qe1 dxe4 18.Bxf6 Qxf6 19.Qxe4 Bd5 20.Qh7# 1-0

[Event "It (open)"]
[Site "masterchessopen.com Brasilia (Brazil)"]
[Round "7"]
[White "Marra Eduardo Da Costa (BRA)"]
[Black "Chang Suzana (BRA)"]
[Result "1-0"]
[WhiteElo "2202"]
[BlackElo "2131"]

1.e4 c5 2.Nf3 Nc6 3.d4 cxd4 4.Nxd4 e5 5.Nb5 d6 6.c4 Be7 7.N1c3 a6 8.Na3 f5
9.exf5 Bxf5 10.Bd3 Be6 11.O-O Nf6 12.Nc2 O-O 13.Ne3 Nd4 14.b3 b5 15.cxb5 axb5
16.Nxb5 Nxb3 17.Rb1 Nxc1 18.Qxc1 Bxa2 19.Ra1 Be6 20.Rxa8 Qxa8 21.Nc7 Qc8
22.Rd1 {#r} 1-0

[Event "It (cat.1)"]
[Site "masterchessopen.com Budapest (Hungary)"]
[Round "9"]
[White "Schmitt Fabien (FRA)"]
[Black "Philippe Christophe (FRA)"]
[Result "0-1"]
[WhiteElo "2146"]
[BlackElo "2357"]

1.e4 c5 2.Nf3 Nc6 3.d4 cxd4 4.Nxd4 e5 5.Nb5 d6 6.c4 Be7 7.Be3 f5 8.exf5 Bxf5
9.Be2 Nf6 10.N5c3 O-O 11.Nd5 Nxd5 12.Qxd5+ Kh8 13.a3 Bg5 14.O-O Bxe3 15.fxe3
Qg5 16.Rf3 Bg4 17.Rg3 Bxe2 18.Nc3 Qf5 19.Nxe2 {#R} 0-1

[Event "It (cat.2) (a)"]
[Site "masterchessopen.com Budapest (Hungary)"]
[Round "7"]
[White "Erdelyi Zombor (HUN)"]
[Black "Meszaros Tamas (HUN)"]
[Result "0-1"]
[WhiteElo "2242"]
[BlackElo "2364"]

1.e4 c5 2.Nf3 Nc6 3.d4 cxd4 4.Nxd4 e5 5.Nb5 d6 6.N1c3 a6 7.Na3 b5 8.Nd5 Nge7
9.Bg5 f6 10.Bh4 Nxd5 11.Qxd5 Qc7 12.Be2 Bb7 13.Qd3 d5 14.Bh5+ g6 15.Bxf6 Bxa3
16.Bxh8 Nb4 17.Qh3 Nxc2+ 18.Kd1 Nxa1 19.Qe6+ Qe7 20.Qxe7+ Bxe7 21.Bg4 Bd6
22.Kc1 Kf7 {#R} 0-1

[Event "It (open)"]
[Site "masterchessopen.com Canberra (Australia)"]
[Round "5"]
[White "Lane Gary W (AUS)"]
[Black "Wright Neil (AUS)"]
[Result "1-0"]
[WhiteElo "2448"]
[BlackElo "2157"]

1.e4 c5 2.Nf3 Nc6 3.d4 cxd4 4.Nxd4 e5 5.Nb5 d6 6.g3 Be7 7.Bg2 Be6 8.O-O h6
9.N5c3 Bg5 10.f4 exf4 11.gxf4 Qb6+ 12.Kh1 Bf6 13.Nd5 Bxd5 14.exd5 Nce7 15.Nd2
Nf5 16.Ne4 Bh4 17.c4 Nf6 18.Qd3 Ng4 19.Qe2 Nge3 20.c5 Qa6 21.Nxd6+ {#r} 1-0

[Event "Ch Finland (team) 2000/01"]
[Site "masterchessopen.com Finland"]
[Round "8"]
[White "Westerinen Heikki M J (FIN)"]
[Black "Nyback Tomi (FIN)"]
[Result "1-0"]
[WhiteElo "2397"]
[BlackElo "2430"]

1.e4 c5 2.Nf3 Nc6 3.d4 cxd4 4.Nxd4 e5 5.Nb5 d6 6.c4 Be7 7.Be2 Be6 8.O-O Rc8
9.f4 exf4 10.Bxf4 Qb6+ 11.Kh1 Ne5 12.Qa4 Qc6 13.c5 Kf8 14.cxd6 Bxd6 15.Qd4
{#r} 1-0

[Event "Ch Hungary (team) 2000/01 (2 liga)"]
[Site "masterchessopen.com Hungary"]
[Round "4"]
[White "Torok Sandor (HUN)"]
[Black "Rabovszky Gyorgy (HUN)"]
[Result "1-0"]
[WhiteElo "2239"]
[BlackElo "2070"]

1.e4 c5 2.Nf3 Nc6 3.d4 cxd4 4.Nxd4 e5 5.Nb5 d6 6.c4 a6 7.N5c3 Be7 8.Nd5 Nf6
9.Nbc3 O-O 10.Be3 Be6 11.Be2 Bxd5 12.exd5 Nb8 13.a4 Ne8 14.a5 f5 15.O-O Bg5
16.Bb6 Qe7 17.b4 Nd7 18.Qb3 Nef6 19.c5 e4 20.cxd6 Qxd6 21.Bc7 Qe7 22.d6+ {#r}
1-0

[Event "Ch Poland (team) (juniors) (under 20) (2 div)"]
[Site "masterchessopen.com Krynica (Poland)"]
[Round "11"]
[White "Bugaj Mikolaj (POL)"]
[Black "Zielinski Przemyslaw (POL)"]
[Result "0-1"]
[WhiteElo "2041"]
[BlackElo "2232"]

1.e4 c5 2.Nf3 Nc6 3.d4 cxd4 4.Nxd4 e5 5.Nb5 d6 6.Be3 Be7 7.Be2 Nf6 8.N5c3 O-O
9.O-O Be6 10.Nd2 d5 11.exd5 Nxd5 12.Nxd5 Qxd5 13.Bc4 Qd7 14.Bxe6 Qxe6 15.c3
Na5 16.Re1 Rfd8 17.Qa4 b6 18.Rad1 f5 19.f3 Rd3 20.Bd4 Qc6 {#R} 0-1

[Event "Ch Poland (team) (juniors) (under 20) (2 div)"]
[Site "masterchessopen.com Krynica (Poland)"]
[Round "9"]
[White "Majdan Joanna (POL)"]
[Black "Siwek Kinga (POL)"]
[Result "1-0"]
[WhiteElo "2028"]
[BlackElo "1883"]

1.e4 c5 2.Nf3 Nc6 3.d4 cxd4 4.Nxd4 e5 5.Nb5 d6 6.N1c3 a6 7.Na3 b5 8.Nd5 Nce7
9.Bg5 h6 10.Bxb5+ axb5 11.Nxb5 Ra6 12.Nbc7+ Kd7 13.Qg4+ Kc6 14.Qe2 hxg5
15.Qb5# 1-0

[Event "It (open)"]
[Site "masterchessopen.com Polanica Zdroj (Poland)"]
[Round "1"]
[White "Kohut Anna (POL)"]
[Black "Jasik Krzysztof (POL)"]
[Result "0-1"]
[WhiteElo "2042"]
[BlackElo "2255"]

1.e4 c5 2.Nf3 Nc6 3.d4 cxd4 4.Nxd4 e5 5.Nb5 d6 6.c4 Be7 7.N1c3 a6 8.Na3 Nf6
9.Nc2 O-O 10.Be2 Be6 11.O-O Rc8 12.b3 Ne8 13.Bb2 g6 14.Kh1 Bg5 15.Nd5 Ne7
16.Nce3 Nc7 17.Ba3 Bxd5 18.cxd5 Nb5 19.Bxb5 axb5 20.Qe2 Qb6 {#R} 0-1

[Event "It (open)"]
[Site "masterchessopen.com Polanica Zdroj (Poland)"]
[Round "9"]
[White "Luch Michal (POL)"]
[Black "Jasik Krzysztof (POL)"]
[Result "0-1"]
[WhiteElo "2130"]
[BlackElo "2255"]

1.e4 c5 2.Nf3 Nc6 3.d4 cxd4 4.Nxd4 e5 5.Nb5 d6 6.N1c3 a6 7.Na3 b5 8.Nd5 Nce7
9.c4 Nxd5 10.exd5 bxc4 11.Nxc4 Nf6 12.g3 Be7 13.Bg2 O-O 14.Bg5 a5 15.Rc1 Ba6
16.Bxf6 Bxf6 17.O-O Bg5 18.f4 exf4 19.gxf4 Bf6 20.b3 Rc8 {#R} 0-1

[Event "It (open)"]
[Site "masterchessopen.com Polanica Zdroj (Poland)"]
[Round "1"]
[White "Zawadzki Stanislaw (POL)"]
[Black "Kuziola Mateusz (POL)"]
[Result "1-0"]
[WhiteElo "2322"]
[BlackElo "2105"]

1.e4 c5 2.Nf3 Nc6 3.d4 cxd4 4.Nxd4 e5 5.Nb5 d6 6.N1c3 a6 7.Na3 b5 8.Nd5 Nce7
9.c4 Nxd5 10.exd5 bxc4 11.Nxc4 Nf6 12.Be3 Rb8 13.a4 Ng4 14.Bd2 Qf6 15.Qe2 Be7
16.g3 O-O 17.Bg2 Qg6 18.O-O Bf5 19.Ra3 Nf6 20.Re1 Rfc8 {#r} 1-0

[Event "It (open)"]
[Site "masterchessopen.com Saint-Quentin (France)"]
[Round "4"]
[White "Danzanvilliers Patrice (FRA)"]
[Black "Costagliola Marina (FRA)"]
[Result "0-1"]
[WhiteElo "2100"]
[BlackElo "2261"]

1.e4 c5 2.Nf3 Nc6 3.d4 cxd4 4.Nxd4 e5 5.Nb5 d6 6.c4 a6 7.N5c3 f5 8.exf5 Bxf5
9.Bd3 Be6 10.O-O Nf6 11.Na3 Be7 12.Nc2 O-O 13.Ne3 Nd4 14.b3 b5 15.cxb5 axb5
16.Bb2 b4 17.Ne2 Nxe2+ 18.Bxe2 Kh8 19.Qd2 Qb6 20.Nc2 Rab8 21.Qe3 Qa5 22.Nd4
Nd5 {#R} 0-1

[Event "It (open)"]
[Site "masterchessopen.com Sautron (France)"]
[Round "9"]
[White "Bihari Pascal (FRA)"]
[Black "Rahman Taibur (BAN)"]
[Result "0-1"]
[WhiteElo "1815"]
[BlackElo "2308"]

1.e4 c5 2.Nf3 Nc6 3.d4 cxd4 4.Nxd4 e5 5.Nb5 d6 6.N1c3 a6 7.Na3 b5 8.Nd5 Nce7
9.c4 Nxd5 10.Qxd5 Be6 11.Qd1 Nf6 12.f3 Rc8 13.cxb5 d5 14.exd5 Nxd5 15.Bd2 Qh4+
16.g3 Qd4 17.bxa6 Bc5 18.Bb5+ Kf8 19.Rf1 Ne3 20.Nc2 Ng2+ 21.Ke2 Qc4+ {#R} 0-1

[Event "Ch Switzerland"]
[Site "masterchessopen.com Scuol (Switzerland)"]
[Round "3"]
[White "Loetscher Pirmin (SUI)"]
[Black "Zanetti Bruno (SUI)"]
[Result "1-0"]
[WhiteElo "2143"]
[BlackElo "2107"]

1.e4 c5 2.Nf3 Nc6 3.d4 cxd4 4.Nxd4 e5 5.Nb5 d6 6.c4 a6 7.N5c3 Nf6 8.Be2 Nd4
9.O-O Nxe2+ 10.Qxe2 Be6 11.b3 Be7 12.Bb2 O-O 13.Na3 Rc8 14.Nc2 Qa5 15.f4 exf4
16.Nd5 Qd8 17.Rxf4 Nxd5 18.exd5 Bg5 19.dxe6 Bxf4 20.e7 {#r} 1-0

[Event "Ch Russia (juniors) (under 10)"]
[Site "masterchessopen.com Serpukhov (Russia)"]
[Round "3"]
[White "Konovalov Aleksei (RUS)"]
[Black "Khromov Pavel (RUS)"]
[Result "1-0"]
[WhiteElo "2219"]
[BlackElo "2117"]

1.e4 c5 2.Nf3 Nc6 3.d4 cxd4 4.Nxd4 e5 5.Nb5 d6 6.Bc4 a6 7.N5c3 Be7 8.Be3 Bg5
9.Bxg5 Qxg5 10.O-O Qe7 11.Nd5 Qd8 12.Nbc3 Nge7 13.Qd2 Nd4 14.f4 O-O 15.f5 Nxd5
16.Nxd5 b5 17.f6 Nc6 18.Qg5 Qxf6 19.Nxf6+ Kh8 20.Nh5 g6 21.Qf6+ {#r} 1-0

[Event "It (open)"]
[Site "masterchessopen.com Kaposvar (Hungary)"]
[Date "2001.07.16"]
[Round "5"]
[White "Amrein Roland (HUN)"]
[Black "Neber Zsolt (HUN)"]
[Result "1-0"]
[WhiteElo "2314"]
[BlackElo "2094"]

1.e4 c5 2.Nf3 Nc6 3.d4 cxd4 4.Nxd4 e5 5.Nb5 d6 6.c4 Be7 7.b3 Be6 8.Bd3 Rc8
9.O-O Nf6 10.N1c3 a6 11.Na3 O-O 12.Nc2 Ne8 13.Be3 Kh8 14.Qd2 f5 15.exf5 Bxf5
16.Bxf5 Rxf5 17.Ne4 h6 18.Rad1 Qa5 19.Bxh6 gxh6 20.Qxh6+ Kg8 21.Qe6+ Rf7
22.Qxc8 {#r} 1-0

[Event "Oberliga NRW (1) 2001/02"]
[Site "masterchessopen.com Germany"]
[Date "2001.10.21"]
[Round "2"]
[White "Blasek Ralph (GER)"]
[Black "Klotter Stefan (GER)"]
[Result "1-0"]
[WhiteElo "2299"]
[BlackElo "2106"]

1.e4 c5 2.Nf3 Nc6 3.d4 cxd4 4.Nxd4 e5 5.Nb5 d6 6.N1c3 a6 7.Na3 b5 8.Nd5 Nge7
9.c3 Nxd5 10.exd5 Nb8 11.Nc2 Be7 12.a4 bxa4 13.Rxa4 O-O 14.Be2 Bb7 15.Rb4 Qc7
16.Ne3 Nd7 17.Nf5 Nf6 18.Bg5 Nxd5 19.Rxb7 {#r} 1-0

[Event "It (open)"]
[Site "masterchessopen.com Le Mans (France)"]
[Date "2001.12.27"]
[Round "2"]
[White "Richet Fabien (FRA)"]
[Black "Bernard Jacques (FRA)"]
[Result "1-0"]
[WhiteElo "1980"]
[BlackElo "2220"]

1.e4 c5 2.Nf3 Nc6 3.d4 cxd4 4.Nxd4 e5 5.Nb5 d6 6.N1c3 a6 7.Na3 b5 8.Nd5 Nge7
9.Bg5 h6 10.Bxb5 axb5 11.Nxb5 Ra7 12.Nbc7+ Rxc7 13.Nxc7+ {#r} 1-0

[Event "It (open)"]
[Site "masterchessopen.com Bergen (Norway)"]
[Round "8"]
[White "Ellingsen Ronny (NOR)"]
[Black "Martinsen Stig K (NOR)"]
[Result "0-1"]
[WhiteElo "2062"]
[BlackElo "2085"]

1.e4 c5 2.Nf3 Nc6 3.d4 cxd4 4.Nxd4 e5 5.Nb5 d6 6.c4 Be7 7.N1c3 a6 8.Na3 Be6
9.Be2 Bg5 10.Bg4 Bxc1 11.Rxc1 Qg5 12.Bxe6 Qxg2 13.Bxf7+ Kxf7 14.Rf1 Nf6 15.Qb3
Nd4 16.Qxb7+ Kg6 17.Nc2 Rhb8 18.Qe7 Nf3+ 19.Ke2 Rxb2 20.Kd3 Ng4 21.Ne3 Rd2#
0-1

[Event "It (open) \"]
[Site "masterchessopen.com Copenhagen (Denmark)"]
[Round "10"]
[White "Hansen Morten Moller (DEN)"]
[Black "Nielsen Palle (DEN)"]
[Result "1-0"]
[WhiteElo "2047"]
[BlackElo "1815"]

1.e4 c5 2.Nf3 Nc6 3.d4 cxd4 4.Nxd4 e5 5.Nb5 d6 6.c4 a6 7.N5a3 Nf6 8.Nc3 Be6
9.Be2 Rc8 10.Bg5 Be7 11.Bxf6 gxf6 12.O-O Rg8 13.Kh1 Nd4 14.Nd5 f5 15.exf5 Bxf5
16.Bd3 Bg6 17.Bxg6 Rxg6 18.f4 Kf8 19.Qh5 Kg8 20.fxe5 Rg5 21.Qxf7+ {#r} 1-0

[Event "Moravian League 2002/03 (2nd) (a)"]
[Site "masterchessopen.com Czech Republic"]
[Round "2"]
[White "Hrouza Ondrej (CZE)"]
[Black "Misiuga Andrzej (POL)"]
[Result "0-1"]
[WhiteElo "2095"]
[BlackElo "2221"]

1.e4 c5 2.Nf3 Nc6 3.d4 cxd4 4.Nxd4 e5 5.Nb5 d6 6.N1c3 a6 7.Na3 b5 8.Nd5 Nce7
9.Bg5 Bb7 10.Nxb5 Bxd5 11.exd5 f6 12.Be3 axb5 13.Bxb5+ Kf7 14.O-O g6 15.g4 Bh6
16.c4 Bf4 17.b4 h5 18.Bxf4 exf4 19.Re1 Ra3 20.f3 Qb6+ 21.Kh1 hxg4 22.fxg4
Rxh2+ {#R} 0-1

[Event "It (b)"]
[Site "masterchessopen.com Helsinki (Finland)"]
[Round "9"]
[White "Kilpela Panu (FIN)"]
[Black "Karlsen Terje (NOR)"]
[Result "1-0"]
[WhiteElo "2154"]
[BlackElo "2135"]

1.e4 c5 2.Nf3 Nc6 3.d4 cxd4 4.Nxd4 e5 5.Nb5 d6 6.N1c3 a6 7.Na3 b5 8.Nd5 Nf6
9.c4 Be7 10.Be3 O-O 11.cxb5 axb5 12.Bb6 Qd7 13.Bxb5 Qb7 14.Bxc6 {#r} 1-0

[Event "It (open)"]
[Site "masterchessopen.com Sitges (Spain)"]
[Round "7"]
[White "Munoz Pantoja Miguel (PER)"]
[Black "Ayas Fernandez Antonio (ESP)"]
[Result "1-0"]
[WhiteElo "2409"]
[BlackElo "2316"]

1.e4 c5 2.Nf3 Nc6 3.d4 cxd4 4.Nxd4 e5 5.Nb5 d6 6.N1c3 a6 7.Na3 b5 8.Nd5 Nge7
9.c4 Nd4 10.Be3 Nxd5 11.cxd5 Qa5+ 12.Qd2 Qxd2+ 13.Kxd2 g6 14.Rc1 Bg7 15.Bd3
O-O 16.Rc7 f5 17.f3 f4 18.Bf2 Bf6 19.Rhc1 Rd8 20.Bxd4 exd4 21.R1c6 Be5 22.Nc2
{#r} 1-0

[Event "It"]
[Site "masterchessopen.com Vladimir (Russia)"]
[Round "0"]
[White "Varavin Viktor (RUS)"]
[Black "Belov Vladimir (RUS)"]
[Result "0-1"]
[WhiteElo "2433"]
[BlackElo "2540"]

1.e4 c5 2.Nf3 Nc6 3.d4 cxd4 4.Nxd4 e5 5.Nb5 d6 6.c4 Be7 7.b3 f5 8.Ba3 Nf6
9.exf5 Bxf5 10.Bd3 e4 11.Be2 Qa5+ 12.b4 Nxb4 13.O-O O-O {#R} 0-1

[Event "It (open)"]
[Site "masterchessopen.com Greifswald (Germany)"]
[Date "2002.08.24"]
[Round "5"]
[White "Wapenhans Alexander (GER)"]
[Black "Klingenberg Dietrich"]
[Result "1-0"]
[WhiteElo "1909"]
[BlackElo "1695"]

1.e4 c5 2.Nf3 Nc6 3.d4 cxd4 4.Nxd4 e5 5.Nb5 d6 6.N1c3 a6 7.Na3 Nf6 8.Bg5 Be7
9.Be2 O-O 10.Bxf6 Bxf6 11.Nc4 Nd4 12.Nd5 b5 13.Nce3 Be6 14.O-O Be7 15.c3 Nxe2+
16.Qxe2 f5 17.exf5 Bxd5 18.Nxd5 Rxf5 19.f4 Bf8 20.fxe5 Rxe5 21.Qf3 Qe8 22.Nc7
{#r} 1-0

[Event "Regionalliga Southwest 2002/03"]
[Site "masterchessopen.com Germany"]
[Date "2002.11.17"]
[Round "2"]
[White "Schmidt Georg (GER)"]
[Black "Von Naso Lancelot (GER)"]
[Result "1-0"]
[WhiteElo "2250"]
[BlackElo "2213"]

1.e4 c5 2.Nf3 Nc6 3.d4 cxd4 4.Nxd4 e5 5.Nb5 d6 6.c4 a6 7.N5c3 f5 8.exf5 Bxf5
9.Bd3 Be6 10.O-O Nf6 11.Be3 Be7 12.Nd2 O-O 13.Nde4 Ng4 14.Nd5 Nxe3 15.fxe3
Rxf1+ 16.Bxf1 Bf8 17.Qh5 Bxd5 18.cxd5 g6 19.Qg4 Nb4 20.Ng5 Qb6 21.Kh1 Nc2
22.Qd7 {#r} 1-0

[Event "It (open)"]
[Site "masterchessopen.com Arco (Italy)"]
[Round "1"]
[White "Antoniacci Riccardo (ITA)"]
[Black "Di Paolo Raffaele (ITA)"]
[Result "0-1"]
[WhiteElo "2022"]
[BlackElo "2323"]

1.e4 c5 2.Nf3 Nc6 3.d4 cxd4 4.Nxd4 e5 5.Nb5 d6 6.N1c3 a6 7.Na3 b5 8.Nd5 Be7
9.Be3 Rb8 10.c3 Nf6 11.Bd3 O-O 12.Nxf6+ Bxf6 13.Qd2 Be6 14.f4 exf4 15.Bxf4 Ne5
16.Be2 Qb6 17.Qe3 b4 18.cxb4 Qxb4+ 19.Kf2 Qxb2 20.Qc1 Nd3+ {#R} 0-1

[Event "It \"]
[Site "masterchessopen.com Athens (Greece)"]
[Round "8"]
[White "Abatzidis Stelios (CYP)"]
[Black "Tziallilas Kostas (GRE)"]
[Result "0-1"]
[WhiteElo "2056"]
[BlackElo "2142"]

1.e4 c5 2.Nf3 Nc6 3.d4 cxd4 4.Nxd4 e5 5.Nb5 d6 6.N1c3 a6 7.Na3 b5 8.Nd5 Nce7
9.c4 Nxd5 10.Qxd5 Be6 11.Qc6+ Bd7 12.Qb7 Nf6 13.cxb5 Rb8 14.Qxa6 Nxe4 15.Qa4
d5 16.f3 Ra8 17.Qb3 Rxa3 18.bxa3 Qa5+ 19.Ke2 Bxb5+ 20.Kd1 Nf2+ 21.Kc2 Ba4 {#R}
0-1

[Event "Moravian League 2002/03 (2nd) (a)"]
[Site "masterchessopen.com Czech Republic"]
[Round "7"]
[White "Nabelek Marek (CZE)"]
[Black "Kacmarcik Lukas (CZE)"]
[Result "0-1"]
[WhiteElo "2177"]
[BlackElo "2206"]

1.e4 c5 2.Nf3 Nc6 3.d4 cxd4 4.Nxd4 e5 5.Nb5 d6 6.c4 Be7 7.N1c3 a6 8.Na3 f5
9.Bd3 f4 10.Nd5 Nf6 11.O-O O-O 12.f3 Nxd5 13.exd5 Nd4 14.Nc2 Nf5 15.Qe2 Qe8
16.Bxf5 Bxf5 17.Ne1 Bd8 18.Nd3 Bb6+ 19.Nf2 Rf6 20.Kh1 Qh5 21.b4 Re8 22.Ne4
Qxh2+ {#R} 0-1

[Event "Cup Independence (open)"]
[Site "masterchessopen.com Kiev (Ukraine)"]
[Round "1"]
[White "Sikula Vaszilij (UKR)"]
[Black "Gorlovetsky Stanislav (UKR)"]
[Result "1-0"]
[WhiteElo "2432"]
[BlackElo "2173"]

1.e4 c5 2.Nf3 Nc6 3.d4 cxd4 4.Nxd4 e5 5.Nb5 d6 6.c4 Be7 7.N1c3 a6 8.Na3 f5
9.Bd3 f4 10.Nc2 Nf6 11.Be2 O-O 12.b3 Be6 13.Bb2 Rc8 14.Qd2 Qa5 15.f3 b5
16.cxb5 axb5 17.Bxb5 Nd4 18.Nxd4 exd4 19.Nd5 {#r} 1-0

[Event "It (open)"]
[Site "masterchessopen.com Lido Estensi (Italy)"]
[Round "1"]
[White "Puliatti Carlo (ITA)"]
[Black "Brumen Dinko (CRO)"]
[Result "0-1"]
[WhiteElo "2120"]
[BlackElo "2380"]

1.e4 c5 2.Nf3 Nc6 3.d4 cxd4 4.Nxd4 e5 5.Nb5 d6 6.N1c3 a6 7.Na3 b5 8.Nd5 Nce7
9.Nxe7 Bxe7 10.c4 Nf6 11.cxb5 O-O 12.Bd3 d5 13.exd5 Bb4+ 14.Bd2 Bxa3 15.bxa3
Qxd5 16.Qe2 Qxg2 17.O-O-O Bg4 18.f3 Qxf3 19.Qxf3 Bxf3 20.b6 Rfc8+ 21.Kb2 e4
22.b7 Rcb8 {#R} 0-1

[Event "It (open)"]
[Site "masterchessopen.com Ljubljana (Slovenia)"]
[Round "1"]
[White "Ljajic Ismet (SLO)"]
[Black "Lenic Luka (SLO)"]
[Result "0-1"]
[WhiteElo "2034"]
[BlackElo "2434"]

1.e4 c5 2.Nf3 Nc6 3.d4 cxd4 4.Nxd4 e5 5.Nb5 d6 6.N1c3 a6 7.Na3 Be6 8.Nd5 Nf6
9.Nxf6+ Qxf6 10.Nc4 Qg6 11.Nd2 d5 12.f3 Rd8 13.c3 Bc5 14.Qe2 O-O 15.Nb3 Ba7
16.Bd2 dxe4 17.fxe4 Bg4 18.Qc4 b5 {#R} 0-1

[Event "Ch Croatia (juniors) (under 19)"]
[Site "masterchessopen.com Rabac (Croatia)"]
[Round "4"]
[White "Matko Ognjen (CRO)"]
[Black "Jerbic Vedran (CRO)"]
[Result "1-0"]
[WhiteElo "2107"]
[BlackElo "2065"]

1.e4 c5 2.Nf3 Nc6 3.d4 cxd4 4.Nxd4 e5 5.Nb5 d6 6.N1c3 a6 7.Na3 b5 8.Nd5 Nge7
9.Be2 Nxd5 10.exd5 Ne7 11.c4 bxc4 12.Nxc4 Rb8 13.Qa4+ Bd7 14.Nxd6# 1-0